[Event "Steyr Landesliga 1213"]
[Site "Austria"]
[Date "2012.11.17"]
[Round "4.8"]
[White "Amiryousofi, Armin"]
[Black "Kamensek, David Michael"]
[Result "0-1"]
[WhiteElo "1255"]
[BlackElo "1430"]
[PlyCount "42"]
[EventDate "2012.09.22"]
[EventType "team-tourn"]
[EventRounds "11"]
[EventCountry "AUT"]
[SourceTitle "EXT 2014"]
[Source "ChessBase"]
[SourceDate "2013.11.20"]
[SourceVersion "1"]
[SourceVersionDate "2013.11.20"]
[SourceQuality "1"]
[WhiteTeam "Graz Post"]
[BlackTeam "Trofaiach Niklasdorf"]
[WhiteTeamCountry "AUT"]
[BlackTeamCountry "AUT"]

1. e4 e5 2. Nf3 Nc6 3. Nc3 Nf6 4. Bb5 Bc5 5. 0-0 d6 6. d4 exd4 7. Nxd4 Bxd4 8. Qxd4 Bd7 9. Qd1 h6 10. Re1 0-0 11. b3 Ne5 12. f4 Ng6 13. Bc4 c6 14. Qxd6 Ng4 15. Qxg6 Qb6+ 16. Be3 Nxe3 17. Qd6 Ng4+ 18. Kh1 Nf2+ 19. Kg1 Nh3+ 20. Kh1 Qg1+ 21. Rxg1 Nf2# 0-1